Psychology (Record no. 68)

MARC details
000 -LEADER
fixed length control field 00707nam a22001697a 4500
008 - FIXED-LENGTH DATA ELEMENTS--GENERAL INFORMATION
fixed length control field 110905t xxu||||| |||| 00| 0 eng d
020 ## - INTERNATIONAL STANDARD BOOK NUMBER
International Standard Book Number 0534007120
050 ## - LIBRARY OF CONGRESS CALL NUMBER
Classification number BF121.L52
100 ## - MAIN ENTRY--PERSONAL NAME
Personal name Lefrancois, Guy R.,
Fuller form of name Guy R. Lefrancois
245 ## - TITLE STATEMENT
Title Psychology
Statement of responsibility, etc. Lefrancois, Guy R.
260 ## - PUBLICATION, DISTRIBUTION, ETC.
Place of publication, distribution, etc. California:
Name of publisher, distributor, etc. Wardsworth Publishing Com.,
Date of publication, distribution, etc. 1980.
300 ## - PHYSICAL DESCRIPTION
Extent xxiv, 646 p.
Other physical details ill.
Dimensions 29cm
500 ## - GENERAL NOTE
General note Includes bibliographical references and index
505 ## - FORMATTED CONTENTS NOTE
Formatted contents note Contents: Introduction: The Subject -- Physiology, conciousness, and perception -- Learning, memory, and thinking -- motives and feelings -- The life span -- Personality and abnormality -- Relationships and others
650 ## - SUBJECT ADDED ENTRY--TOPICAL TERM
Topical term or geographic name entry element Psychology
942 ## - ADDED ENTRY ELEMENTS (KOHA)
Source of classification or shelving scheme Library of Congress Classification
Koha item type Books
Holdings
Withdrawn status Lost status Source of classification or shelving scheme Damaged status Not for loan Home library Current library Shelving location Date acquired Total Checkouts Full call number Barcode Date last seen Copy number Price effective from Koha item type
    Library of Congress Classification     WISCONSIN INTERNATIONAL UNIVERSITY COLLEGE, GHANA - MAIN LIBRARY WISCONSIN INTERNATIONAL UNIVERSITY COLLEGE, GHANA - MAIN LIBRARY General Stacks 05/09/2011   BF121.L52 169/11 05/09/2011 1 05/09/2011 Books

If you have any concerns or questions; kindly contact the library


© Powered by WIUC ICT DIRECTORATE